| 000 | 01018nam a2200229Ia 4500 | ||
|---|---|---|---|
| 003 | Ost | ||
| 005 | 20260507075429.0 | ||
| 008 | 260507s9999||||xx |||||||||||||| ||und|| | ||
| 040 | _cfsecg | ||
| 041 | _aara | ||
| 082 | _a338.5 | ||
| 100 |
_aنجا، علي عبد الوهاب _eمؤلف |
||
| 245 | 0 |
_aالنظرية الاقتصادية الجزئية / _c علي عبد الوهاب نجا |
|
| 260 |
_aالاسكندرية: _bالدار الجامعية, _c2008 |
||
| 300 |
_a439 صفحة؛ _bإيضاحات ؛ _c25 سم |
||
| 520 | _aيضم طبيعة الاقتصاد الجزئي ونطاق دراسته -نظرية الطلب -نظرية العرض -توازن السوق -تحليل سلوك المستهلك -نظرية الإنتاج -نظرية التكاليف -توازن المشروع في ظل ظروف المنافسة الكاملة | ||
| 653 | _aالاقتصاد الجزئي | ||
| 653 | _aالانتاج | ||
| 653 | _aالتكاليف | ||
| 653 | _aالمنافسة | ||
| 942 | _cكتاب | ||
| 999 |
_c44505 _d44505 |
||